Trouve le pilote de F1 (lettre R) - Statistiques

Statistiques générales
  • Ce quiz a été pris 39 fois
  • Le résultat moyen est 5 sur 8
Statistiques - réponses
Par images Réponse % Correct
George Russell
93%
Daniel Ricciardo
90%
Kimi Räikkönen
86%
Keke Rosberg
79%
Nico Rosberg
79%
Clay Regazzoni
31%
Jochen Rindt
31%
Carlos Reutemann
21%
Aucun quiz correspondant
Distribution des résultats
% des personnes avec chaque résultat
Percentile par nombre de réponses
Votre historique - résultats
Vous n’avez pas pris ce quiz